00552nam a2200169 i 450000100060000000300090000600500170001500700030003200800410003510000240007624500270010026000520012730000320017985200320021199900170024395201220026034425ES-MaACL20230906154930.0t|030207s1964 sp ||||1| spa d1 aBonet, Blai.93011210aTapies / cBlai Bonet. a[Barcelona : bs.n., c1964] (fLa Polígrafa) a1 v., 176 lám. ; c30 cm. aES-MaACLjC-25291 bR.55176 c34425d34425 00104070aATENEOMbATENEOMcDEPO2d2008-01-17eSCl0oC-25291p1035908r2023-02-23 00:00:00w2023-02-23yMONOGRAFIA